000 00500nam a2200145Ia 4500
008 151213s9999 xx 000 0 und d
100 _aমিহির মুসাবী।
245 _aকুঠার সম্প্রদায় ।
_cমিহির মুসাবী।
260 _aঢাকা
_bআজকাল প্রকাশনী।
_c1997
300 _a8797 p.
650 _aBangla
650 _aকবিতা
700 _aমিহির মুসাবী।
999 _c4582
_d4582